Normal view
MARC view
- Menpes, Mortimer
Entry Personal Name
001 - CONTROL NUMBER
- control field: 111736
003 - CONTROL NUMBER IDENTIFIER
- control field: NUST
005 - DATE AND TIME OF LATEST TRANSACTION
- control field: 20230405092042.0
008 - FIXED-LENGTH DATA ELEMENTS
- fixed length control field: 230405|| aca||aabn | a|a d
040 ## - CATALOGING SOURCE
- Original cataloging agency: NUST
- Transcribing agency: NUST
100 ## - HEADING--PERSONAL NAME
- Personal name: Menpes, Mortimer
670 ## - SOURCE DATA FOUND
- Source citation: Work cat.: (NUST)187395: Menpes, Mortimer,, India painted / , 1923
